ՀՀ Գիտությունների ազգային ակադեմիայի հիմնարար գիտական գրադարան  =   Fundamental Scientific Library of NAS RA

The American experiment / (Record no. 220918)

MARC details
000 -LEADER
fixed length control field 00946cam a22002411 4500
001 - CONTROL NUMBER
control field 000632135
003 - CONTROL NUMBER IDENTIFIER
control field AM-YeHGA
005 - DATE AND TIME OF LATEST TRANSACTION
control field 20250617140508.0
008 - FIXED-LENGTH DATA ELEMENTS--GENERAL INFORMATION
fixed length control field 750801s1929 nyu 000 0 eng d
040 ## - CATALOGING SOURCE
Original cataloging agency AM-YeHGA
041 0# - LANGUAGE CODE
Language code of text/sound track or separate title eng
090 ## - LOCALLY ASSIGNED LC-TYPE CALL NUMBER (OCLC); LOCAL CALL NUMBER (RLIN)
-- 222449
100 1# - MAIN ENTRY--PERSONAL NAME
Personal name Fay, Bernard,
Dates associated with a name 1893-
245 14 - TITLE STATEMENT
Title The American experiment /
Statement of responsibility, etc. By Bernard Fay ; In collab. with Avery Claflin.
260 ## - PUBLICATION, DISTRIBUTION, ETC.
Place of publication, distribution, etc. New York :
Name of publisher, distributor, etc. Harcourt, Brace and Company,
Date of publication, distribution, etc. [1929].
300 ## - PHYSICAL DESCRIPTION
Extent 264 p. ;
Dimensions 23 cm.
500 ## - GENERAL NOTE
General note "A brief critical sketch of governmental machinery ... a panoramic description of the great modern nation: its work, its play, its moral qualities and prejudices, its emotions, beliefs and ambitions." - Foreword
651 #0 - SUBJECT ADDED ENTRY--GEOGRAPHIC NAME
Geographic name United States
General subdivision Politics and government
650 #0 - SUBJECT ADDED ENTRY--TOPICAL TERM
Topical term or geographic name entry element National characteristics American
651 #0 - SUBJECT ADDED ENTRY--GEOGRAPHIC NAME
Geographic name United States
General subdivision Civilization
651 #0 - SUBJECT ADDED ENTRY--GEOGRAPHIC NAME
Geographic name United States
General subdivision Intellectual life
700 1# - ADDED ENTRY--PERSONAL NAME
Personal name Claflin, Avery,
Dates associated with a name 1898-1979
Holdings
Withdrawn status Lost status Source of classification or shelving scheme Damaged status Not for loan Collection Home library Current library Date acquired Total checkouts Full call number Barcode Date last seen Price effective from Koha item type Public note
    Universal Decimal Classification     Terzian Individual Collection Fundamental Scientific Library Fundamental Scientific Library 29/12/2016   Terz/ 470 FL0096725 29/12/2016 29/12/2016 Գրքեր / Books ILL Non-Circ.


ՀՀ ԳԱԱ հիմնարար գիտական գրադարան
ՀՀ,Երևան 0019
Մարշալ Բաղրամյան 24/6
հեռախոս:(374-10) 52-47-50
Հետադարձ կապ

All site content, except where otherwise noted, is licensed under a
Creative Commons License